000 00896nam a22002777a 4500
001 BR9000699
003 BR-BrBNA
005 20230928093353.0
007 ta
008 230509b bl.||||| |||| 00| 0 por d
040 _aBR-BrBNA
_bpor
_cBiblioteca Nacional de Agricultura
041 _a(Por)
072 _aH20
_b4120
090 _ 4120 BR9000699
100 1 _aFurlaneto, M.C.
110 1 _aEscola Superior de Agricultura Luiz de Queiroz, Piracicaba, SP (Brasil)
_0Dissertacao (Mestre)
245 1 _aRecombinacao genetica e producao de celulases em Trichoderma pseudokoningii Var. rifai
260 3 _aPiracicaba, SP (Brasil):
_c1989.
300 _a152 p.
500 _a8 illus.; 40 tables; Summaries (Eng, Por); Bibliography p. 135-152 (110 ref.)
650 _aFUNGO
650 _aENZIMA CELULOLITICA
650 _aHIDROLASE
909 _a202309
_bLucia
_c55
_dLucia Elande
942 _cBK
999 _c44602
_d44602